Catálogo
 En Linea

El control de gestión estratégico : (Registro nro. 36049)

Detalles MARC
000 -CABECERA
campo de control de longitud fija 00438nam a2200145 a 4500
001 - NÚMERO DE CONTROL
campo de control 000036558
005 - FECHA Y HORA DE LA ÚLTIMA TRANSACCIÓN
campo de control 20200930075810.0
008 - DATOS DE LONGITUD FIJA--INFORMACIÓN GENERAL
campo de control de longitud fija 120120s1993 mx 000 0 spa d
020 ## - NÚMERO INTERNACIONAL ESTÁNDAR DEL LIBRO
Número Internacional Estándar del Libro 9686223967
040 ## - FUENTE DE LA CATALOGACIÓN
Centro catalogador/agencia de origen DO-SdBNP
Lengua de catalogación spa
Centro/agencia transcriptor BNPHU
082 ## - NÚMERO DE LA CLASIFICACIÓN DECIMAL DEWEY
Número de clasificación xxxx
Número de documento/Ítem xxxx
100 1# - ENTRADA PRINCIPAL--NOMBRE DE PERSONA
Nombre de persona Lorino, Philippe
9 (RLIN) 62819
245 13 - MENCIÓN DE TÍTULO
Título El control de gestión estratégico :
Resto del título la gestión por actividades /
Mención de responsabilidad, etc. Philippe Lorino.
260 ## - PUBLICACIÓN, DISTRIBUCIÓN, ETC.
Lugar de publicación, distribución, etc. México :
Nombre del editor, distribuidor, etc. Alfaomega,
Fecha de publicación, distribución, etc. 1993.
Existencias
Estado de retiro Estado de pérdida Restricciones de uso No para préstamo Código de colección Localización permanente Ubicación/localización actual Ubicación en estantería Fecha de adquisición Número de inventario Total de préstamos Signatura topográfica completa Código de barras Fecha visto por última vez Precio válido a partir de Tipo de ítem Koha
      Excluido de préstamo Monografías: Libros y Folletos General General Depósito 20.01.2012 LF1   xxxx xxxx 36558-10 25.06.2020 25.06.2020 No se presta

Con tecnología Koha